00523 2200181 4500001002100000005001500021008004100036020001800077035001900095041000700114082001100121090001500132100002800147245009000175250001000265260003900275300002700314INLIS00000000001681320241224115208241224||||||||| | ||| |||| || |  a979-3418-45-1 0010-1224016813 aid0 a348.02 a348.02 UND0 aIndonesia.Pemerintah RI00aUndang - Undang Republik Indonesia no.24 tahun 2004 Tentang Lembaga Penjamin Simpanan aCet.1 aYogyakartabPustaka Yustisiac2006 a95 hlm,; 10 cm x 19 cm